1277 1922 1178 1475 1985 1241 1735 1944 1638 1632 1203 1796 1491 1244 1820 1669 1599 1588 1999 1760 1172 1236 1074 1138 1608 1045 1866 1603 1337 1831 1814 1253 1090 1188 1905 1071 1950 1985 1488 1736 1893 1908 1623 1115 1358 1117 1446 1584 1212 1625 1721 1193 1004 1694 1301 1589 1211 1952 1007 1795 1013 1538 1283 1996 1894 1613 1318 1285 1985 1817 1409 1478 1903 1454 1496 1275 1160 1969 1934 1939 1586 1442 1357 1227 1706 1627 1449 1735 1536 1260 1437 1541 1347 1041 1475 1109 1531 1965 1279 BCNSPRNW ULIB Ver.6.0+V

เปลี่ยนเป็นภาษาไทย

Change to English
 แสดงรายละเอียดบรรณานุกรม
  กลับหน้าหลัก

Brief Record : Get Marc (ISO 2709) : E-mail record : QR code < ปิดหน้าต่าง
LEADER : 00000nam 2200000uu 4500
001    13399112765
003     ULIB
008    110908s2551||||th 000 0 tha d
020    9789741329526
050  4 LB1050^bอ911พ 2551
100 0  เอมอร เนียมน้อย
245 10 พัฒนาการอ่านอย่างมีวิจารณญาณด้วยวิธี SQ3R /^cเอมอร เนียมน้อย
250    พิมพ์ครั้งที่ 1
260    กรุงเทพฯ :^bคณะมนุษยศาสตร์และสังคมศาสตร์มหาวิทยาลัยราชภัฏกำแพงเพชร,^c2551
300    150 หน้า ;^c26 ซม.
650  4 การอ่าน^xแบบฝึกหัด
650  4 การอ่าน^xคำถามและคำตอบ
650  4 การส่งเสริมการอ่าน
650  4 ความเข้าใจในการอ่าน
650  4 ความคิดอย่างมีวิจารณญาณ
650  4 หนังสือและการอ่าน
710 2  มหาวิทยาลัยราชภัฏกำแพงเพชร.^bคณะมนุษยศาสตร์และสังคมศาสตร์
945    ^p200^l0^i023944
945    ^p200^l0^i023945
945    ^p200^l0^i027455
995    ทศพร
999 ^a ทศพร
รายการนี้ยังไม่มีแท็ก
คุณยังไม่ได้ล็อกอิน คุณสามารถมีกิจกรรมร่วมกับเว็บไซต์ได้ แต่ต้องล็อกอินก่อน ::
  ล็อกอิน

รายการสื่อสารสนเทศ

ลำดับที่ ประเภท เลขเรียก/บาร์โค้ด สถานที่ สถานะ
- ไม่พบข้อมูล -

รายการใกล้เคียง
    ผู้แต่ง [เอมอร เนียมน้อย]

    หัวเรื่อง [การส่งเสริมการอ่าน]
    หัวเรื่อง [ความเข้าใจในการอ่าน]
    หัวเรื่อง [ความคิดอย่างมีวิจารณญาณ]
    หัวเรื่อง [หนังสือและการอ่าน]

BibComment


ยังไม่เคยถูกคอมเมนท์

คอมเมนท์ทรัพยากรรายการนี้
  คอมเมนท์: พัฒนาการอ่านอย่าง..


 Copyright 2026. Bcnsprnw @Library